000 00839nam a2200265 i 4500
001 000030531
003 DO-SdBNP
005 20240314073719.0
007 ta
008 110523s1957 dr r 000 0 spa d
040 _aDO-SdBNP
_bspa
_cBNPHU
_erda
082 4 _a923.27293
_bD812C
_222
100 1 _aCestero Burgos, Tulio,
_951361
_eautor
245 1 0 _aDuarte :
_bel precursor /
_cTulio Cestero Burgos.
264 _aCiudad Trujillo, República Dominicana :
_bDel Caribe,
_c1957.
300 _a90 páginas ;
_c17 cm.
336 _2rdacontent
_atexto
_btxt
337 _2rdamedia
_asin mediación
_bnc
338 _2rdacarrier
_avolumen
_bn
590 _aInventariado, 2018/BT
600 1 0 _aDuarte, Juan Pablo,
_d1813-1876
_91494
600 1 4 _aSantana R., Pedro
_951362
910 _aValidado. Control de calidad MFF
942 _2ddc
_cLBS1
999 _c30023
_d30023